000
003000000a22001330004500
003
MACL
040
_a
MACL
090
_c
40264
_d
40262
100
_a
George Philip Ltd
245
_a
World Atlas & Encyclopedia
260
_b
George Philip Ltd
_c
1999
650
_a
Geography & Travel
942
_c
RBKS
_k
030
999
_c
39830
_d
39830